تطور الفكر التربوي في العالم بعد الحرب العالمية الثانية - المجلد الرابع (Record no. 4208)
[ view plain ]
| 000 -LEADER | |
|---|---|
| fixed length control field | 01434nam a2200217 4500 |
| 008 - FIXED-LENGTH DATA ELEMENTS--GENERAL INFORMATION | |
| fixed length control field | b xx# ara u |
| 040 ## - CATALOGING SOURCE | |
| Original cataloging agency | LB-BrCRDP |
| 082 1# - DEWEY DECIMAL CLASSIFICATION NUMBER | |
| Classification number | 370.15 |
| Item number | NAJ |
| 100 1# - MAIN ENTRY--PERSONAL NAME | |
| Personal name | نجار, د.فريد |
| 245 10 - TITLE STATEMENT | |
| Title | تطور الفكر التربوي في العالم بعد الحرب العالمية الثانية - المجلد الرابع |
| Statement of responsibility, etc. | د. فريد نجار |
| 300 ## - PHYSICAL DESCRIPTION | |
| Dimensions | 25 cm |
| 500 ## - GENERAL NOTE | |
| General note | Sommaire. |
| 520 ## - SUMMARY, ETC. | |
| Summary, etc. | نطلاقاً من مبدأ التفاعل الوظيفي بين البحوث والانماء وتمشياً مع الدور الموكول اليه في مجال البحث والتخطيط على صعيد التربية في لبنان، جاءت هذه الدراسة العمية عن تطور الفكر التربوي في الحقبة التاريخية الممتدة من القبائل البدائية حتى القرون الوسطى، حتى نهاية الحرب العالمية الثانية وحتى عصرنا الحاضر تحت اشراف المركز التربوي للبحوث والانماء. كما يتركز البحث على تطور التربية في العالم الغربي وفي العالم العربي |
| 650 4# - SUBJECT ADDED ENTRY--TOPICAL TERM | |
| Topical term or geographic name entry element | Psychopédagogie |
| 650 4# - SUBJECT ADDED ENTRY--TOPICAL TERM | |
| Topical term or geographic name entry element | Psychosociologie |
| 650 4# - SUBJECT ADDED ENTRY--TOPICAL TERM | |
| Topical term or geographic name entry element | Sciences de l'éducation |
| 650 4# - SUBJECT ADDED ENTRY--TOPICAL TERM | |
| Topical term or geographic name entry element | Sciences cognitives |
| 650 4# - SUBJECT ADDED ENTRY--TOPICAL TERM | |
| Topical term or geographic name entry element | Education |
| 942 ## - ADDED ENTRY ELEMENTS (KOHA) | |
| Koha item type | Books |
| Withdrawn status | Lost status | Source of classification or shelving scheme | Damaged status | Not for loan | Home library | Current library | Shelving location | Date acquired | Source of acquisition | Cost, normal purchase price | Total Checkouts | Full call number | Barcode | Date last seen | Copy number | Price effective from | Koha item type |
|---|---|---|---|---|---|---|---|---|---|---|---|---|---|---|---|---|---|
| Dewey Decimal Classification | مكتبة دار المعلمين و المعلمات - زحلة | مكتبة دار المعلمين و المعلمات - زحلة | Salle de Lecture | 05/31/2010 | CRDP | 0.00 | 370.15 NAJ | CRZ4592 | 07/27/2016 | 1 | 07/27/2016 | Books |